000
00232 a2200097 4500
001
11380
100
_a
Gattrone Hardry
245
_a
A Short History of International Affairs
260
_a
_b
Oxford University
_c
090
_c
8927
_d
8927
942
_a
NUST-CAE
_c
_c
35741
999
_c
246453
_d
246453